Business intelligence competency centers : a team approach to maximizing competitive advantage

Bibliographic Details
Main Authors: Miller, Gloria J. (Author), Brautigam, Dagmar (Author), Gerlach, Stefanie Virginia (Author)
Format: Book
Language:English
Published: Hoboken, N.J. : John Wiley & Sons, Inc. 2006
Subjects:

MARC

LEADER 00000cam a2200000 7i4500
001 0000028909
005 20241125.0
008 200827 njua eng
020 |a 0470044470 
020 |a 9780470044476 
040 |a INS   |b eng   |e rda 
090 0 0 |a HD38.7   |b M55 2006 
100 1 |a Miller, Gloria J. ,   |e author 
245 1 0 |a Business intelligence competency centers :   |b a team approach to maximizing competitive advantage   |c Gloria J. Miller, Dagmar Brautigam, Stefanie V. Gerlach 
264 1 |a Hoboken, N.J. :   |b John Wiley & Sons, Inc.   |c 2006 
300 |a xxii, 198 pages :   |b illustrations ;   |c 24 cm. 
336 |a text  |2 rdacontent 
337 |a unmediated  |2 rdamedia 
338 |a volume  |2 rdacarrier 
504 |a ncludes bibliographical references and index 
650 0 |a Business intelligence   |x Management 
650 0 |a Knowledge management 
650 0 |a Strategic planning 
700 1 |a Brautigam, Dagmar ,   |e author 
700 1 |a Gerlach, Stefanie Virginia ,   |e author 
999 |a 0000024710   |b BOOK   |c Open Shelf   |e Default branch